[Event "ESP-ch Amateurs U1700"]
[Site "Murcia"]
[Date "2022.09.01"]
[Round "5.1"]
[White "Morillas Machetti, Marta"]
[Black "Gea Garcia, Alvaro"]
[Result "0-1"]
[WhiteElo "1530"]
[BlackElo "1674"]
[PlyCount "150"]
[EventDate "2022.08.30"]
[EventType "swiss"]
[EventRounds "9"]
[EventCountry "ESP"]
[SourceTitle "EXT 2024"]
[Source "ChessBase"]
[SourceDate "2023.10.10"]
[SourceVersion "1"]
[SourceVersionDate "2023.10.10"]
[SourceQuality "1"]

1. d4 e6 2. Nf3 Nf6 3. e3 b6 4. Bd3 Bb7 5. b3 d6 6. Bb2 c5 7. Nbd2 Be7 8. 0-0 Qc7 9. c4 Nc6 10. a3 0-0 11. Qc2 h6 12. Rfd1 Rfd8 13. dxc5 bxc5 14. Rac1 a5 15. Ne4 Ne8 16. Nc3 Bf6 17. Nb5 Qe7 18. Be2 Na7 19. Nxa7 Rxa7 20. Bxf6 Nxf6 21. Qd2 Ne4 22. Qc2 f5 23. Nd2 Qg5 24. Bf3 Nxd2 25. Bxb7 Rxb7 26. Rxd2 f4 27. exf4 Qxf4 28. Rcd1 Rb6 29. Qc3 Ra6 30. Rd3 Qf6 31. Qd2 e5 32. Qe3 Qf4 33. Qh3 e4 34. Rd5 Rf8 35. Qe3 Qxe3 36. fxe3 Rf6 37. Rf1 Rb6 38. Rxf6 gxf6 39. a4 Kf7 40. Rh5 Rxb3 41. Rxh6 Kg7 42. Rh4 Rxe3 43. Kf2 Ra3 44. Rxe4 Rxa4 45. Re7+ Kg6 46. Rd7 Rxc4 47. Rxd6 Rc2+ 48. Kf3 a4 49. Rd3 Rb2 50. Rd5 c4 51. Ra5 Ra2 52. Rc5 Ra3+ 53. Ke2 Ra2+ 54. Kf3 Rc2 55. Ra5 Rc3+ 56. Ke4 Rc2 57. Rxa4 Rxg2 58. Rxc4 Rxh2 59. Rc6 Rh4+ 60. Kf3 Kg5 61. Rc8 Rh3+ 62. Kg2 Ra3 63. Rg8+ Kf4 64. Rf8 f5 65. Kf1 Kg4 66. Rg8+ Kf3 67. Ke1 f4 68. Rh8 Ra1+ 69. Kd2 Kg2 70. Rf8 f3 71. Rg8+ Kf2 72. Rf8 Ra5 73. Rd8 Rg5 74. Rd7 Kg1 75. Rf7 f2 0-1

[Event "ESP-ch Amateurs U1700"]
[Site "Murcia"]
[Date "2022.08.31"]
[Round "3.1"]
[White "Polo Vicente, Juan Jose"]
[Black "Gea Garcia, Alvaro"]
[Result "0-1"]
[WhiteElo "1569"]
[BlackElo "1674"]
[PlyCount "66"]
[EventDate "2022.08.30"]
[EventType "swiss"]
[EventRounds "9"]
[EventCountry "ESP"]
[SourceTitle "EXT 2024"]
[Source "ChessBase"]
[SourceDate "2023.10.10"]
[SourceVersion "1"]
[SourceVersionDate "2023.10.10"]
[SourceQuality "1"]

1. e4 e6 2. d3 d5 3. Nd2 Nf6 4. e5 Nfd7 5. d4 c5 6. c3 Nc6 7. Ngf3 cxd4 8. cxd4 Qb6 9. Nb3 a5 10. a4 Bb4+ 11. Bd2 Bxd2+ 12. Kxd2 f6 13. exf6 Nxf6 14. Bb5 Ne4+ 15. Ke3 0-0 16. Bd3 Nd6 17. Ke2 Nf5 18. Re1 Nb4 19. Ne5 Nxd3 20. Qxd3 Qxb3 21. Qxb3 Nxd4+ 22. Kd3 Nxb3 23. Ra3 Nc5+ 24. Ke3 Nd7 25. f4 Nxe5 26. fxe5 Bd7 27. g3 Bc6 28. Re2 Rf7 29. Kd4 b6 30. Ra1 Be8 31. b3 Rc8 32. Rb1 Rf3 33. b4 Rc4# 0-1

[Event "ESP-ch U12"]
[Site "Salobrena"]
[Date "2021.07.05"]
[Round "1"]
[White "Lorente Melcon, Maximo"]
[Black "Gea Garcia, Alvaro"]
[Result "1-0"]
[WhiteElo "1908"]
[BlackElo "1248"]
[PlyCount "94"]
[EventDate "2021.07.05"]
[EventType "swiss"]
[EventRounds "9"]
[EventCountry "ESP"]
[SourceTitle "EXT 2022"]
[Source "ChessBase"]
[SourceDate "2021.10.06"]
[SourceVersion "1"]
[SourceVersionDate "2021.10.06"]
[SourceQuality "1"]

1. e4 e6 2. d3 d5 3. Nd2 c5 4. Ngf3 Nc6 5. g3 Bd6 6. Bg2 Nge7 7. 0-0 0-0 8. Re1 Qc7 9. Nf1 d4 10. Qe2 f6 11. h4 e5 12. N1h2 b5 13. h5 Be6 14. g4 h6 15. Nh4 Rab8 16. Nf5 a5 17. Bd2 a4 18. Bh3 Qd7 19. Kh1 b4 20. b3 Na7 21. Rg1 Nb5 22. Nf3 Na3 23. Qd1 axb3 24. axb3 Bc7 25. Qc1 Bxf5 26. gxf5 Kh7 27. Rg6 Qe8 28. Bxh6 Nxg6 29. fxg6+ Kg8 30. Bd2 Qe7 31. Nh4 Bb6 32. Nf5 Qc7 33. Qd1 Nb5 34. h6 gxh6 35. Nxh6+ Kg7 36. Qh5 Rh8 37. Be6 Nd6 38. Kg2 Ba5 39. Rh1 Bb6 40. f4 Qe7 41. fxe5 Qxe6 42. exd6 Kf8 43. g7+ Kxg7 44. Nf5+ Qxf5 45. Qxf5 Rhg8 46. Rh7+ Kf8+ 47. Kf2 Ke8 1-0